| 000 | 00401nam a22001457a 4500 | ||
|---|---|---|---|
| 003 | MACL | ||
| 005 | 20170829124932.0 | ||
| 008 | 170829b xxu||||| |||| 00| 0 eng d | ||
| 040 | _cMACL | ||
| 100 |
_aNikhilananda , swami and Mukerji, Dhan Gopal _968903 |
||
| 245 | _aSri Ramakrishna : The Face of Silence | ||
| 260 |
_aNew Delhi _bAmaryllis _c2016 |
||
| 650 |
_aBiography _968904 |
||
| 942 |
_2ddc _cBK |
||
| 999 |
_c56937 _d56937 |
||